El cheque: estudio legal, juriprudencial y doctrinal / James A. Rowland Cruz (Registro nro. 11507)

Detalles MARC
000 -LEADER
fixed length control field 00554nam a22001931a 4500
001 - CONTROL NUMBER
control field 11507
003 - CONTROL NUMBER IDENTIFIER
control field OSt
005 - DATE AND TIME OF LATEST TRANSACTION
control field 20260204212245.0
008 - FIXED-LENGTH DATA ELEMENTS--GENERAL INFORMATION
fixed length control field 121119s2006||||dr ||||||b||||||||||spa||
020 ## - NUMERO DE LIBRO INTERNACIONAL NORMALIZADO
International Standard Book Number 9993468835
050 ## - LIBRARY OF CONGRESS CALL NUMBER
Classification number RD 346.096 R796c
100 ## - ASIENTO PRINCIPAL -- NOMBRE PERSONAL
Personal name Rowland C., James
245 ## - TÍTULO PROPIAMENTE DICHO: SUBTÍTULO
Title El cheque: estudio legal, juriprudencial y doctrinal / James A. Rowland Cruz
264 ## - PRODUCTION, PUBLICATION, DISTRIBUTION, MANUFACTURE, AND COPYRIGHT NOTICE
Place of production, publication, distribution, manufacture Santo Domingo : Ediciones Jurídicas Trajano Potentini
300 ## - PHYSICAL DESCRIPTION
Extensión 322 p
500 ## - GENERAL NOTE
General note Incluye bibliografía
650 ## - ASIENTO SECUNDARIO DE MATERIA -- TERMINO TEMÁTICO
Termino Temático Como Elemento de Entrada Cheques - LegislaciónÌ
942 ## - ADDED ENTRY ELEMENTS (KOHA)
Source of classification or shelving scheme Dewey Decimal Classification
Koha item type Libros
Existencias
Withdrawn status Lost status Source of classification or shelving scheme Damaged status Not for loan Current library Date acquired Total Checkouts Full call number Barcode Date last seen Price effective from Koha item type
    Dewey Decimal Classification     Biblioteca UTECO 09/09/2019   RD 346.096 R796C 016512 09/09/2019 09/09/2019 Libros
    Dewey Decimal Classification     Biblioteca UTECO 09/09/2019   RD 346.096 R796C 016513 09/09/2019 09/09/2019 Libros
    Dewey Decimal Classification     Biblioteca UTECO 09/09/2019   RD 346.096 R796C 016514 09/09/2019 09/09/2019 Libros
© 2021 Derechos Reservados UTECO - Teléfono: +1 809-585-2291 - Correo electrónico: biblioteca@uteco.edu.do​  
Código postal 43000 ​​
Dirección: Avenida Universitaria No. 100, 
Cotuí, Provincia Sánchez Ramírez, República Dominicana - RNC: 404-00059-6